| 000 | 00351cam a2200145ua 4500 | ||
|---|---|---|---|
| 041 |
_aeng _h |
||
| 082 |
_a828.09 _bSTO/NO |
||
| 100 | _aStokes, Edward . | ||
| 245 |
_aNovels of Henry Green / _cEdward Stokes. _hTextual Documents |
||
| 260 |
_aLondon : _bHegrath press , _c1959. |
||
| 300 | _a ; . | ||
| 504 | _a | ||
| 942 | _cBK | ||
| 999 |
_c3077 _d3077 |
||